MARC details
| 000 -LEADER |
| fixed length control field |
01917pam a22004814a 4500 |
| 001 - CONTROL NUMBER |
| control field |
741615 |
| 003 - CONTROL NUMBER IDENTIFIER |
| control field |
GZU |
| 005 - DATE AND TIME OF LATEST TRANSACTION |
| control field |
20260317104531.0 |
| 008 - FIXED-LENGTH DATA ELEMENTS--GENERAL INFORMATION |
| fixed length control field |
990409s1999 nyua b 001 0 eng |
| 010 ## - LIBRARY OF CONGRESS CONTROL NUMBER |
| LC control number |
99029558 |
| 020 ## - INTERNATIONAL STANDARD BOOK NUMBER |
| International Standard Book Number |
1572304103 |
| Qualifying information |
alk. paper |
| 020 ## - INTERNATIONAL STANDARD BOOK NUMBER |
| International Standard Book Number |
9781572304109 |
| Qualifying information |
(alk. paper) |
| 022 ## - INTERNATIONAL STANDARD SERIAL NUMBER |
| International Standard Serial Number |
. |
| 035 ## - SYSTEM CONTROL NUMBER |
| System control number |
741615 |
| 040 ## - CATALOGING SOURCE |
| Original cataloging agency |
DLC |
| Transcribing agency |
DLC |
| Modifying agency |
GZULib |
| Language of cataloging |
eng |
| Description conventions |
rda |
| 042 ## - AUTHENTICATION CODE |
| Authentication code |
pcc |
| 050 00 - LIBRARY OF CONGRESS CALL NUMBER |
| Classification number |
HV5045 |
| Item number |
.PSY 1999 |
| 245 00 - TITLE STATEMENT |
| Title |
Psychological theories of drinking and alcoholism / |
| Statement of responsibility, etc. |
edited by Kenneth E. Leonard, Howard T. Blane. |
| 250 ## - EDITION STATEMENT |
| Edition statement |
Second edition |
| 260 ## - PUBLICATION, DISTRIBUTION, ETC. |
| Place of publication, distribution, etc. |
New York : |
| Name of publisher, distributor, etc. |
Guilford Press, |
| Date of publication, distribution, etc. |
c1999. |
| 300 ## - PHYSICAL DESCRIPTION |
| Extent |
x, 467 pages : |
| Other physical details |
illustrations (some coloured) ; |
| Dimensions |
25 cm. |
| 336 ## - CONTENT TYPE |
| Content type term |
text |
| Content type code |
txt |
| Source |
rdacontent |
| 337 ## - MEDIA TYPE |
| Media type term |
unmediated |
| Media type code |
n |
| Source |
rdamedia |
| 338 ## - CARRIER TYPE |
| Carrier type term |
volume |
| Carrier type code |
nc |
| Source |
rdacarrier |
| 440 #4 - SERIES STATEMENT/ADDED ENTRY--TITLE |
| Title |
The Guilford substance abuse series |
| 504 ## - BIBLIOGRAPHY, ETC. NOTE |
| Bibliography, etc. note |
Includes bibliographical references and index. |
| 505 ## - FORMATTED CONTENTS NOTE |
| Formatted contents note |
. |
| 520 ## - SUMMARY, ETC. |
| Summary, etc. |
. |
| 650 #0 - SUBJECT ADDED ENTRY--TOPICAL TERM |
| Topical term or geographic name entry element |
Alcoholism |
| General subdivision |
Psychological aspects. |
| 650 #0 - SUBJECT ADDED ENTRY--TOPICAL TERM |
| Topical term or geographic name entry element |
Drinking of alcoholic beverages |
| General subdivision |
Psychological aspects. |
| 650 #2 - SUBJECT ADDED ENTRY--TOPICAL TERM |
| Topical term or geographic name entry element |
Alcohol Drinking. |
| 650 #2 - SUBJECT ADDED ENTRY--TOPICAL TERM |
| Topical term or geographic name entry element |
Alcoholism |
| General subdivision |
psychology. |
| 700 1# - ADDED ENTRY--PERSONAL NAME |
| Personal name |
Leonard, Kenneth E. |
| Relator term |
editor |
| 700 1# - ADDED ENTRY--PERSONAL NAME |
| Personal name |
Blane, Howard T., |
| Dates associated with a name |
1926- |
| Relator term |
editor |
| 856 42 - ELECTRONIC LOCATION AND ACCESS |
| Materials specified |
Contributor biographical information |
| Uniform Resource Identifier |
<a href="http://www.loc.gov/catdir/bios/guilford051/99029558.html">http://www.loc.gov/catdir/bios/guilford051/99029558.html</a> |
| 856 42 - ELECTRONIC LOCATION AND ACCESS |
| Materials specified |
Publisher description |
| Uniform Resource Identifier |
<a href="http://www.loc.gov/catdir/description/guilford051/99029558.html">http://www.loc.gov/catdir/description/guilford051/99029558.html</a> |
| 856 41 - ELECTRONIC LOCATION AND ACCESS |
| Materials specified |
Table of contents |
| Uniform Resource Identifier |
<a href="http://www.loc.gov/catdir/toc/guilford041/99029558.html">http://www.loc.gov/catdir/toc/guilford041/99029558.html</a> |
| 856 41 - ELECTRONIC LOCATION AND ACCESS |
| Materials specified |
Sample text |
| Uniform Resource Identifier |
<a href="http://www.loc.gov/catdir/enhancements/fy0653/99029558-s.html">http://www.loc.gov/catdir/enhancements/fy0653/99029558-s.html</a> |
| 942 ## - ADDED ENTRY ELEMENTS (KOHA) |
| Source of classification or shelving scheme |
Library of Congress Classification |
| Koha item type |
Books |
| Edition |
Second edition |
| Classification part |
5045 |
| Item part |
PSY |
| Call number prefix |
HV |